000 00513nam a2200181 a 4500
001 2777
003 CO-ViMGA
008 141112s2004 ck r 000 u spa d
040 _aCO-ViMGA
_bspa
_cCO-ViMGA
082 0 4 _a636.9322 M196
100 1 _aMayolas, Emilio de
245 1 0 _aConejos para carne :
_borganización, manejo, producción
260 _aBuenos Aires :
_bHemisferio sur,
_c1993
300 _a164 p : il
650 1 4 _aCONEJOS - CRIA Y CONSERVACION
_951860
650 1 4 _aCUNICULTURA
942 _2ddc
_cBK
999 _c14848
_d14848